Statistiques concernant Les longs métrages produits par les studios Disney avec prise de vue réelle

Cliquez ici pour prendre le quiz!

Statistiques générales

  • Ce quiz a été pris 140 fois
  • Le résultat moyen est 19 sur 293

Statistiques - réponses

AnnéeTitre% Correct
1964Mary Poppins
64%
2015Cendrillon
63%
2017La Belle et la Bête
54%
2017Pirates des Caraïbes 5
52%
2007Pirates des Caraïbes : Jusqu'au bout du monde
52%
2011Pirates des Caraïbes : La Fontaine de jouvence
52%
2003Pirates des Caraïbes : La Malédiction du Black Pearl
52%
2006Pirates des Caraïbes : Le Secret du coffre maudit
52%
1994Le Livre de la jungle
44%
2016Le Livre de la Jungle
44%
1998Le Livre de la jungle : L'Histoire de Mowgli
44%
1977Peter et Elliott le dragon
40%
2010Alice au pays des merveilles
39%
2017Alice au pays des Merveilles 2
39%
2014Maléfique
39%
2000102 Dalmatiens
34%
1996Les 101 Dalmatiens, le film
33%
1971L'Apprentie sorcière
24%
1980La Coccinelle à Mexico
23%
1977La Coccinelle à Monte-Carlo
23%
2005La Coccinelle revient
23%
1968Un amour de Coccinelle
23%
1974Un nouvel amour de Coccinelle
23%
2007Il était une fois
22%
2005Le Monde de Narnia : Le Lion, la Sorcière blanche et l'Armoire magique
21%
2008Le Monde de Narnia : Le Prince Caspian
21%
1946Mélodie du Sud
21%
1974Mes amis les ours
21%
2016Tarzan
19%
1982Tron
19%
2016Tron 3
19%
2010Tron : L'Héritage
19%
1952Robin des Bois et ses joyeux compagnons
18%
2013Le Monde fantastique d'Oz
17%
1985Oz, un monde extraordinaire
17%
1997Chérie, nous avons été rétrécis
16%
1948Danny, le petit mouton noiR
13%
2009Hannah Montana, le film
13%
2008High School Musical 3 : Nos années lycée
13%
2010L'Apprenti sorcier
13%
2014À la poursuite de demain
12%
1989Chérie, j'ai rétréci les gosses
12%
1993Hocus Pocus
12%
1950L'Île au trésor
12%
2013Lone Ranger, naissance d'un héros
12%
1988Qui veut la peau de Roger Rabbit ?
12%
1954Vingt Mille Lieues sous les mers
12%
1992Chérie, j'ai agrandi le bébé
11%
1997George de la jungle
11%
2003George de la jungle 2
11%
2007Benjamin Gates et le Livre des secrets
10%
2004Benjamin Gates et le Trésor des Templiers
10%
2012John Carter
10%
1966Quatre bassets pour un danois
10%
1960Signé Zorro
10%
2003Freaky Friday : Dans la peau de ma mère
9%
2010Prince of Persia : Les Sables du temps
9%
2013Dans l'ombre de Mary
8%
1991Croc-Blanc
7%
1994Croc-Blanc 2 : Le Mythe du loup blanc
7%
1956Davy Crockett et les Pirates de la rivière
7%
1955Davy Crockett, roi des trappeurs
7%
1997Flubber
7%
1941Le Dragon récalcitrant
7%
1960Les Robinsons des mers du Sud
7%
1993L'Incroyable Voyage
7%
1996L'Incroyable Voyage 2 : À San Francisco
7%
2001Princesse malgré elle
7%
1999Inspecteur Gadget
6%
2003Inspecteur Gadget 2
6%
2003Le Manoir hanté et les 999 Fantômes
6%
2004Un mariage de princesse
6%
1998À nous quatre
5%
2002Chiens des neiges
5%
2002Hyper Noël
5%
1953La Rose et l'Épée
5%
1997Le Nouvel Espion aux pattes de velours
5%
2007Le Secret de Terabithia
5%
1993Rasta Rockett
5%
2006Antartica, prisonniers du froid
4%
2005Baby-Sittor
4%
1967Charlie, le couguar
4%
1953Échec au roi
4%
1957Fidèle Vagabond
4%
2008Histoires enchantées
4%
1954La Grande Prairie
4%
1975 | 2009La Montagne ensorcelée
4%
2003La Morsure du lézard
4%
2008Le Chihuahua de Beverly Hills
4%
2011Le Chihuahua de Beverly Hills 2
4%
2012Le Chihuahua de Beverly Hills 3
4%
1953Le Désert vivant
4%
2009Le Drôle de Noël de Scrooge
4%
1963Le Grand Retour
4%
2012Les Chiots Noël : La Relève est arrivée
4%
2012Les Copains chasseurs de trésor
4%
2011Les Copains et la légende du chien maudit
4%
1962Les Enfants du capitaine Grant
4%
2011Les Muppets, le retour
4%
1992Les Petits Champions
4%
1994Les Petits Champions 2
4%
1996Les Petits Champions 3
4%
1956Les Secrets de la vie
4%
1993Les Trois Mousquetaires
4%
1996L'Île au trésor des Muppets
4%
1955Lions d'Afrique
4%
2007Maxi papa
4%
2009Mission-G
4%
1998Mon ami Joe
4%
2014Muppets Most Wanted
4%
1992Noël chez les Muppets
4%
1980Popeye
4%
1994Super Noël
4%
2006Super Noël 3 : Méga Givré
4%
1985Un drôle de Noël
4%
1998Air Bud 2
3%
2000Air Bud 3
3%
1997Air Bud : Buddy star des paniers
3%
2003Air Bud superstar
3%
1961Babes in Toyland
3%
1965Calloway le trappeur
3%
2006Cinq toutous prêts à tout
3%
1964Émile et les Détectives
3%
2006Invincible
3%
1957Johnny Tremain
3%
2009Jonas Brothers: The 3D Concert Experience
3%
1961La Fiancée de papa
3%
1962La Légende de Lobo
3%
1955La Revanche de Pablito
3%
1968Le Cheval aux sabots d'or
3%
1968Le Fantôme de Barbe-Noire
3%
1960Le Jaguar, seigneur de l'Amazone
3%
1994L'Enfer blanc
3%
1966Le Prince Donegal
3%
2009Les 2 font la père
3%
1957Les Aventures de Perri
3%
1960Les Dix Audacieux
3%
2003Les Fantômes du Titanic
3%
2004Le Tour du monde en quatre-vingts jours
3%
1974L'Île sur le toit du monde
3%
1963L'Incroyable Randonnée
3%
1958Lueur dans la forêt
3%
1959Quelle vie de chien !
3%
2000Sale Môme
3%
1956Sur la piste de l'Orégon
3%
1982Tex
3%
2002Tobby méga super champion
3%
1958Tonka
3%
1995Un visiteur chez le roi Arthur
3%
1963Après lui, le déluge
2%
1961Bobby des Greyfriars
2%
1962Bon voyage ! de James Neilson
2%
1962Compagnon d'aventure
2%
1959Darby O'Gill et les Farfadets
2%
1966Demain des hommes
2%
1989Douma et ses amis
2%
1993Kalahari
2%
1964La Baie aux émeraudes
2%
1971La Cane aux œufs d'or
2%
2012La Drôle de vie de Timothy Green
2%
2011La Fabulous Aventure de Sharpay
2%
2003La Légende de l'étalon noir
2%
2010La Mission de Chien Noël
2%
1978Le Chat qui vient de l'espace
2%
1960Le Clown et l'Enfant
2%
2005L'École fantastique
2%
1958Le Désert de l'Arctique
2%
1960L'Enlèvement de David Balfour
2%
2000Le Plus Beau des combats
2%
1993Les Aventures de Huckleberry Finn
2%
1964Les Mésaventures de Merlin Jones
2%
1964Les Pas du tigre
2%
1964Les Trois Vies de Thomasina
2%
1963L'Été magique
2%
1959Le Troisième Homme sur la montagne
2%
1956L'Infernale Poursuite
2%
2003Lizzie McGuire, le film
2%
1969L'Ordinateur en folie
2%
1961Monte là-d'ssus
2%
1961Nomades du Nord
2%
1960Pollyanna
2%
1962Presque des anges
2%
2006Raymond
2%
1963Sam l'intrépide
2%
2010Secrétariat
2%
1969Smith !
2%
1997Un Indien à New York
2%
1965Un neveu studieux
2%
1962Un pilote dans la Lune
2%
1981Amy
1%
1987Benji la malice
1%
1973Charley et l'Ange
1%
1995Frank et Ollie
1%
1968Frissons garantis
1%
1969Guns in the Heather
1%
1976Gus
1%
2005Ice Princess
1%
2004Journal intime d'une future star
1%
1978La Course au trésor
1%
1967La Gnome-mobile
1%
1981La Nuit de l'évasion
1%
1980Le Dernier Vol de l'Arche de Noé
1%
1975Le Gang des chaussons aux pommes
1%
1971Le Pays sauvage
1%
1967Le Plus Heureux des milliardaires
1%
1978Le Retour du gang des chaussons aux pommes
1%
1991Les Aventures de Rocketeer
1%
2008Les Copains des neiges
1%
2002Les Country Bears
1%
1991Les Naufragés de l'île aux pirates
1%
1965L'Espion aux pattes de velours
1%
1981Les Yeux de la forêt
1%
1979Le Trou noir
1%
1967L'Honorable Griffin
1%
1966Lieutenant Robinson Crusoé
1%
2004Miracle
1%
1999Mon martien bien-aimé
1%
1997Mr. Magoo
1%
1972Napoléon et Samantha
1%
2006Objectif Mars
1%
2007Pixar Story
1%
1967Rentrez chez vous, les singes !
1%
2002Rêve de champion
1%
1998Sacré Père Noël
1%
2009The Boys: The Sherman Brothers' Story
1%
1968The One and Only, Genuine, Original Family Band
1%
2007Underdog
1%
1999Une histoire vraie
1%
1983Un homme parmi les loups
1%
1973Un petit indien
1%
1969Un raton nommé Rascal
1%
1976Un vendredi dingue, dingue, dingue
1%
2000Whispers
1%
19723 Étoiles, 36 Chandelles
0%
1991À cœur vaillant rien d'impossible
0%
2005Aliens of the Deep
0%
2004America's Heart and Soul
0%
1994Angels : Une équipe aux anges
0%
1981Condorman
0%
1972Cours, couguar, cours
0%
1970Du vent dans les voiles
0%
1999Endurance
0%
2002Immortels
0%
1983La Foire des ténèbres
0%
1976La Folle Escapade
0%
1999La Main derrière la souris : L'Histoire d'Ub Iwerks
0%
1994L'Apprenti millionnaire
0%
1981Le Dragon du lac de feu
0%
2001Le Grand Coup de Max Keeble
0%
2011Le Grand Soir
0%
1975Le Justicier aux deux visages
0%
1995Le Maître des lieux
0%
1970Le Roi des grizzlis
0%
1972Les Aventures de Pot-au-Feu
0%
2006Les Chemins du triomphe
0%
2009Les Copains dans l'espace
0%
1995Les Légendes de l'Ouest
0%
1977Les Petits Voleurs de chevaux
0%
1995Les Poids lourds
0%
1978Les Visiteurs d'un autre monde
0%
1976Le Trésor de Matacumba
0%
1986Le Vol du Navigateur
0%
1975L'Homme le plus fort du monde
0%
1975Mais où est donc passé mon poney ?
0%
1980Max et le Diable
0%
1998Meet the Deedles
0%
1975Merveilles de la Nature
0%
1983Meurtres à Malte
0%
1973Nanou, fils de la Jungle
0%
1985Natty Gann
0%
1992Newsies
0%
1975Objectif Lotus
0%
1995Operation Dumbo Drop
0%
2008Papa, la fac et moi
0%
1972Pas vu, pas pris
0%
2004Planète sacrée
0%
1996Président Junior
0%
1997Rocketman
0%
1971Scandalous John
0%
1994Squanto: A Warrior's Tale
0%
1974Superdad
0%
1978Tête brûlée et pied tendre
0%
1978The North Avenue Irregulars
0%
1984Tiger Town
0%
1995Tom et Huck
0%
1976Un candidat au poil
0%
1978Un cosmonaute chez le roi Arthur
0%
1974Un cowboy à Hawaï
0%
1995Une équipe de nases !
0%
1980Une nuit folle, folle
0%
2005Un parcours de légende
0%
1971Un singulier directeur
0%

Distribution des résultats

Percentile par nombre de réponses

% des personnes avec chaque résultat

Votre développement - résultats

Vous n’avez pas pris ce quiz